| 000 | 01044cam a2200289 i 4500 | ||
|---|---|---|---|
| 001 | 3747041 | ||
| 005 | 20250417105840.0 | ||
| 008 | 820322s1980 enk b 001 0 eng | ||
| 010 | _a 81473730 | ||
| 015 | _aGB80-08137 | ||
| 020 |
_a0406176078 : _c£8.95 |
||
| 020 | _a0406176086 (pbk.) | ||
| 040 |
_aDLC _cDLC _dDLC |
||
| 043 | _ae-uk--- | ||
| 050 | 0 | 0 |
_aKD4106 _b.D46 |
| 082 | 0 | 0 |
_a347.41 _bDEN |
| 100 | 1 |
_aDenning, Alfred Thompson Denning, _cBaron, _d1899-1999. _9128587 |
|
| 245 | 1 | 4 |
_aThe due process of law / _cby Lord Denning. |
| 260 |
_aLondon ; _aWoburn, Mass. : _bButterworths, _c1980. |
||
| 300 |
_axviii, 263 p. ; _c23 cm. |
||
| 504 | _aIncludes bibliographical references and index. | ||
| 650 | 0 |
_aDue process of law _zGreat Britain. _9128781 |
|
| 856 | 4 | 2 |
_3Publisher description _uhttp://www.loc.gov/catdir/enhancements/fy0635/81473730-d.html |
| 856 | 4 | 1 |
_3Table of contents only _uhttp://www.loc.gov/catdir/enhancements/fy0635/81473730-t.html |
| 906 |
_a7 _bcbc _corignew _d3 _encip _f19 _gy-gencatlg |
||
| 942 |
_2ddc _cBK |
||
| 999 |
_c613639 _d613639 |
||